Provinces of the Umayyad Caliphate of Córdoba on a Map - Statistics

General Stats
  • This quiz has been taken 22 times
  • The average score is 15 of 50
Answers on the Map
Answers color-coded by a green-red scale on the quiz's map according to % correct below.
 
Answer Stats
C Answer % Correct
Lower March al-Ushbūna
95%
Inner Kūwar Balansiyya
90%
Others Eastern Islands
90%
Middle March Ṭulayṭula
90%
Inner Kūwar Qurṭuba
86%
Inner Kūwar Tudmīr
86%
Inner Kūwar Illbīra
81%
Inner Kūwar Isbiliyya
81%
Upper March Saraqusta
81%
Lower March Baṭalyaws
57%
Inner Kūwar Sabta
57%
Inner Kūwar Uksunuba
57%
Lower March Qulumriyya
52%
Inner Kūwar Yāyyan
48%
Inner Kūwar Bāya
38%
Lower March Yābura
38%
Inner Kūwar Al-Jazīra
33%
Lower March Shantarin
33%
Inner Kūwar Rayya
29%
Middle March Sahla
29%
Upper March Wasqa
29%
Others Fās
24%
Upper March Turtūsa
24%
Lower March Mārida
19%
Upper March Lārida
14%
Inner Kūwar Bāyyana
10%
Inner Kūwar Istiyya
10%
Middle March Madînat Sâlim
10%
Upper March Qalʿat Ayyūb
10%
Middle March Ṭalabayra
10%
Upper March Tutila
10%
Middle March al-Balāṭ
5%
Others al-Turo
5%
Middle March Banu Razin
5%
Upper March Barbitāna
5%
Lower March Biyāw
5%
Lower March Egitanyia
5%
Inner Kūwar Fahs al-Ballūt
5%
Inner Kūwar Firris
5%
Inner Kūwar Lābla
5%
Others Maghrawa
5%
Inner Kūwar Maurur
5%
Inner Kūwar Qabra
5%
Middle March Qalʿat Rabah
5%
Inner Kūwar Qarmuna
5%
Lower March Qūriyya
5%
Middle March Santabariyya
5%
Inner Kūwar Sidūna
5%
Inner Kūwar Takurunna
5%
Lower March Turyāla
5%
No matching quizzes found
Score Distribution
Percent of People with Each Score
Percentile by Number Answered
Your Score History
You have not taken this quiz